<?xml version="1.0" encoding="UTF-8"?>
<record
    xmlns:xsi="http://www.w3.org/2001/XMLSchema-instance"
    xsi:schemaLocation="http://www.loc.gov/MARC21/slim http://www.loc.gov/standards/marcxml/schema/MARC21slim.xsd"
    xmlns="http://www.loc.gov/MARC21/slim">

  <leader>01778    a2200253   4500</leader>
  <controlfield tag="001">38848</controlfield>
  <controlfield tag="005">20260407155649.0</controlfield>
  <controlfield tag="008">260407a1960    arg                 spa d</controlfield>
  <controlfield tag="003">AR-UNSa-BCEJYS</controlfield>
  <datafield tag="040" ind1=" " ind2=" ">
    <subfield code="a">AR-UNSa-BCEJYS</subfield>
    <subfield code="b">spa</subfield>
    <subfield code="c">AR-UNSa-BCEJYS</subfield>
  </datafield>
  <datafield tag="080" ind1=" " ind2=" ">
    <subfield code="a">519.22</subfield>
    <subfield code="x">Teor&#xED;a estad&#xED;stica. Modelos estad&#xED;sticos. Estad&#xED;stica matem&#xE1;tica en general
</subfield>
  </datafield>
  <datafield tag="245" ind1="1" ind2="0">
    <subfield code="a">M&#xE9;todos estad&#xED;sticos aplicados a la econom&#xED;a y a los negocios</subfield>
  </datafield>
  <datafield tag="250" ind1=" " ind2=" ">
    <subfield code="a">6a. ed</subfield>
  </datafield>
  <datafield tag="264" ind1=" " ind2="1">
    <subfield code="a">Madrid :</subfield>
    <subfield code="b">Aguilar</subfield>
    <subfield code="c">1960</subfield>
  </datafield>
  <datafield tag="300" ind1=" " ind2=" ">
    <subfield code="a">xxiii, 744 p.</subfield>
    <subfield code="c">21 cm.</subfield>
  </datafield>
  <datafield tag="505" ind1=" " ind2=" ">
    <subfield code="a">1. Los m&#xE9;todfos estad&#xED;sticos y los problemas econ&#xF3;micos y comerciales - 2. Representaci&#xF3;n gr&#xE1;fica - 3. Elaboraci&#xF3;n de los datos estad&#xED;sticos - 4. Estudio de la distribuci&#xF3;n de fecuencias : Promedios - 5. Estudio de la distribuci&#xF3;n de frecuencia-Medidas de disperci&#xF3;n y asimetria - 6. N&#xFA;meros &#xED;ndices de precios - 7. An&#xE1;lisis de las series cron&#xF3;logicas - 8. An&#xE1;lisis de las series cron&#xF3;logicas (conclusi&#xF3;n) - 9. N&#xFA;meros &#xED;ndices de producci&#xF3;n - 10. Medida de la relaci&#xF3;n.Correlaci&#xF3;n rectil&#xED;nea - 11. Medida en la relaci&#xF3;n entre series cron&#xF3;logicas - 12. Medida de la relaci&#xF3;n.Correlaci&#xF3;n curvil&#xED;nea - 13. Probalilidades elemetales y la curva normal de error - 14. La inducci&#xF3;n estd&#xED;stica y el problema de la selecci&#xF3;n de muestras - 15. An&#xE1;lisis de la "variance" - 16. Medida de la relaci&#xF3;n. Correlaci&#xF3;n m&#xFA;ltiple y parcial - 17. La medida de la relaci&#xF3;n y el problema de la estimaci&#xF3;n - 18. La inducci&#xF3;n estad&#xED;stica y el problema de la selecci&#xF3;n de muestras (conclusi&#xF3;n).</subfield>
  </datafield>
  <datafield tag="041" ind1=" " ind2=" ">
    <subfield code="a">spa</subfield>
  </datafield>
  <datafield tag="942" ind1=" " ind2=" ">
    <subfield code="c">BK</subfield>
  </datafield>
  <datafield tag="590" ind1=" " ind2=" ">
    <subfield code="a">niveau_biblio:m niveau_hierar:0</subfield>
  </datafield>
  <datafield tag="100" ind1="1" ind2=" ">
    <subfield code="a">Mills, Frederick Cecil</subfield>
  </datafield>
  <datafield tag="700" ind1="1" ind2=" ">
    <subfield code="a">Ruiz Magan, Juan</subfield>
  </datafield>
  <datafield tag="700" ind1="1" ind2=" ">
    <subfield code="a">Gastardi, Enrique</subfield>
  </datafield>
  <datafield tag="700" ind1="1" ind2=" ">
    <subfield code="a">Ruiz Rubio, Juan Jose</subfield>
  </datafield>
  <datafield tag="999" ind1=" " ind2=" ">
    <subfield code="c">2928</subfield>
    <subfield code="d">2928</subfield>
  </datafield>
  <datafield tag="952" ind1=" " ind2=" ">
    <subfield code="0">0</subfield>
    <subfield code="1">0</subfield>
    <subfield code="4">0</subfield>
    <subfield code="7">0</subfield>
    <subfield code="a">BCEJYS</subfield>
    <subfield code="b">BCEJYS</subfield>
    <subfield code="c">16</subfield>
    <subfield code="d">2026-04-07</subfield>
    <subfield code="l">0</subfield>
    <subfield code="o">519.22 M657 6ed.</subfield>
    <subfield code="p">L21110</subfield>
    <subfield code="r">2026-04-07 15:56:49</subfield>
    <subfield code="w">2026-04-07</subfield>
    <subfield code="y">L</subfield>
  </datafield>
</record>
